000 00997nam a22002415i 4500
001 155328
003 ES-MaACL
005 20250927140103.0
008 961129s1866 sp |||| | spa d
080 _a929 Ferrer de Couto, José
080 _a326.8
100 1 _aHernández Iglesias, Fermín.
_962965
245 1 3 _aLa esclavitud y el señor Ferrer de Couto /
_cpor Don Fermin Hernández Iglesias ; con un prólogo de Julián Sánchez Ruano.
260 _aMadrid :
_b[s.n.],
_c1866 (
_fImp. Universal, a cargo de Lucas Polo)
300 _a52 p. ;
_c21 cm.
530 _aDisponible en formato digital.
600 1 4 _aFerrer de Couto, José.
_950453
650 7 _aEsclavitud
_2embne
_912358
700 1 _aSánchez Ruano, Julián,
_d1842-1871
_9133015
852 4 _aES-MaACL
_jT-69-F-10
_z- Enc. hol.
_z- Enc. en un vol. facticio
856 4 _uhttps://bvpb.mcu.es/es/consulta/registro.do?id=406280
_zBiblioteca Virtual del Patrimonio Bibliográfico
999 _c155328
_d155328